<?xml version="1.0" encoding="UTF-8"?>
<record
    xmlns:xsi="http://www.w3.org/2001/XMLSchema-instance"
    xsi:schemaLocation="http://www.loc.gov/MARC21/slim http://www.loc.gov/standards/marcxml/schema/MARC21slim.xsd"
    xmlns="http://www.loc.gov/MARC21/slim">

  <leader>00881nam a2200181Ia 4500</leader>
  <controlfield tag="008">100921s9999    xx            000 0 und d</controlfield>
  <datafield tag="082" ind1=" " ind2=" ">
    <subfield code="b">16041</subfield>
    <subfield code="a">923.2 &#x925; 48</subfield>
  </datafield>
  <datafield tag="100" ind1=" " ind2=" ">
    <subfield code="a">&#x91F;&#x902;&#x921;&#x928; &#x936;&#x93F;&#x935;&#x928;&#x93E;&#x930;&#x93E;&#x92F;&#x923;.</subfield>
  </datafield>
  <datafield tag="245" ind1=" " ind2=" ">
    <subfield code="a">&#x92A;&#x902;&#x921;&#x93F;&#x924; &#x91C;&#x935;&#x93E;&#x939;&#x930;&#x932;&#x93E;&#x932; &#x928;&#x947;&#x939;&#x930;&#x942; &#x91C;&#x940;&#x935;&#x928;&#x915;&#x940; &#x90F;&#x915; &#x91D;&#x932;&#x915;.</subfield>
  </datafield>
  <datafield tag="260" ind1=" " ind2=" ">
    <subfield code="b">&#x92E;&#x939;&#x93E;&#x930;&#x93E;&#x937;&#x94D;&#x91F;&#x94D;&#x930; &#x930;&#x93E;&#x937;&#x94D;&#x91F;&#x94D;&#x930;&#x92D;&#x93E;&#x937;&#x93E; &#x938;&#x92D;&#x93E;,&#x92A;&#x941;&#x923;&#x947;.</subfield>
    <subfield code="c">1948</subfield>
  </datafield>
  <datafield tag="300" ind1=" " ind2=" ">
    <subfield code="a">112</subfield>
    <subfield code="b">---</subfield>
  </datafield>
  <datafield tag="365" ind1=" " ind2=" ">
    <subfield code="b">0</subfield>
  </datafield>
  <datafield tag="520" ind1=" " ind2=" ">
    <subfield code="a">&#x91A;&#x930;&#x93F;&#x924;&#x94D;&#x930;&#x947;-&#x930;&#x93E;&#x91C;&#x915;&#x93E;&#x930;&#x923;&#x940; &#x935;&#x94D;&#x92F;&#x93F;&#x915;&#x94D;&#x924;.</subfield>
  </datafield>
  <datafield tag="630" ind1=" " ind2=" ">
    <subfield code="a">&#x92A;&#x902;&#x921;&#x93F;&#x924; &#x91C;&#x935;&#x93E;&#x939;&#x930;&#x932;&#x93E;&#x932; &#x928;&#x947;&#x939;&#x930;&#x942; &#x91C;&#x940;&#x935;&#x928;&#x915;&#x940; &#x90F;&#x915; &#x91D;&#x932;&#x915;.</subfield>
  </datafield>
  <datafield tag="650" ind1=" " ind2=" ">
    <subfield code="a">&#x91A;&#x930;&#x93F;&#x924;&#x94D;&#x930;&#x947;-&#x930;&#x93E;&#x91C;&#x915;&#x93E;&#x930;&#x923;&#x940; &#x935;&#x94D;&#x92F;&#x93F;&#x915;&#x94D;&#x924;.</subfield>
  </datafield>
  <datafield tag="730" ind1=" " ind2=" ">
    <subfield code="a">&#x92A;&#x902;&#x921;&#x93F;&#x924; &#x91C;&#x935;&#x93E;&#x939;&#x930;&#x932;&#x93E;&#x932; &#x928;&#x947;&#x939;&#x930;&#x942; &#x91C;&#x940;&#x935;&#x928;&#x915;&#x940; &#x90F;&#x915; &#x91D;&#x932;&#x915;.</subfield>
  </datafield>
  <datafield tag="942" ind1=" " ind2=" ">
    <subfield code="c">BOOK</subfield>
  </datafield>
  <datafield tag="999" ind1=" " ind2=" ">
    <subfield code="c">765154</subfield>
    <subfield code="d">765151</subfield>
  </datafield>
  <datafield tag="952" ind1=" " ind2=" ">
    <subfield code="0">0</subfield>
    <subfield code="1">0</subfield>
    <subfield code="4">0</subfield>
    <subfield code="7">0</subfield>
    <subfield code="a">WAITILAKGS</subfield>
    <subfield code="b">WAITILAKGS</subfield>
    <subfield code="c">923.2 &#x925; 48</subfield>
    <subfield code="d">0000-00-00</subfield>
    <subfield code="g">0.00</subfield>
    <subfield code="l">0</subfield>
    <subfield code="p">WAITILAKGS-16041</subfield>
    <subfield code="r">2010-09-21 00:00:00</subfield>
    <subfield code="w">2010-09-21</subfield>
    <subfield code="y">BOOK</subfield>
    <subfield code="z">&#x926;&#x947;&#x935;&#x918;&#x947;&#x935;</subfield>
  </datafield>
</record>
